000 00403nam a2200145Ia 4500
008 230917s9999||||xx |||||||||||||| ||und||
040 _e161040
_aMAIN
041 _aEnglish
082 _a346.0922 P966M(16)
100 _aPuliani, Ravi
245 0 _aManual of S E B I Act, Rules Regulations,Guidelines,circulars,etc; 2v
250 _a16Th ed.
260 _aDelhi
_bBhart Law House
_c2009
942 _cBK
999 _c148490
_d148490